000 00397nam a2200145Ia 4500
008 180423s9999 xx 000 0 und d
040 _aPK-NaQUE
100 _aMuzaffar Hussain Mughal 12ME12
245 0 _aVapor Absorption Refrigeration System Using Nanoparticles
260 _aNawabshah
260 _bQUEST
260 _c2012
300 _a60
700 _aDepartment of Mechanical Engineering
999 _c58527
_d58524